Statistics for Countries by food Emojis

Click here to take the quiz!

General Stats

  • This quiz has been taken 4,035 times
    (3,756 since last reset)
  • The average score is 11 of 15

Answer Stats

EmojisCountries% Correct
France
99%
Italy
99%
Mexico
97%
United States
97%
Japan
96%
China
91%
Germany
91%
Switzerland
75%
Belgium
71%
New Zealand
67%
United Kingdom
59%
Canada
40%
Brazil
39%
India
38%
Greece
35%

Score Distribution

Percentile by Number Answered

Percent of People with Each Score

Your Score History

You have not taken this quiz since the last reset